000 00810nam a2200229 a 4500
003 CO-ViMGA
005 20230915234237.0
008 080829s2008 ck gr 00010dspa d
020 _a9789582009441
040 _aCO-ViMGA
_bspa
_cCO-ViMGA
082 0 4 _a370.19
_bS67c
_221
100 1 _aSoto Molina, Jairo Eduardo.
_96293
245 1 3 _aEl currículo intercultural bilingüe :
_bla naturaleza humana integrada a su mundo cultural /
_cJairo Eduardo Soto Molina.
260 3 _aBogotá :
_bCooperativa Editorial Magisterio,
_c2008.
300 _a178 p. ;
_c24 cm.
504 _aIncluye bibliografía.
650 1 4 _aEnseñanza bilingue
_v Currículo.
_96296
650 1 4 _aSociología de la educación.
_9567
650 6 _aBilinguismo.
_96294
650 6 _aEducación intercultural.
_96295
942 _2ddc
_cBK
999 _c37494
_d37494